000 00923 a2200217 4500
008 080821t xxu||||| |||| 00| 0 eng d
010 _aENG-85024
020 _a8173046727
_c750.00
035 _aEN-68557
037 _bD.B.Act / Pub
082 _a327.2
100 _aMehta, Jagat S.
245 _aNegotiating for India
_bresolving problems through diplomacy : seven case studies, 1958-1978
_cJagat S. Mehta.
260 _aNew Delhi :
_bManohar Publishers and Distributors
_bPansy Books (Vendor)
_c2006.
300 _a296 p.
_bill. ;
_c23 cm. (Hb)
500 _aIncludes index.
520 _aChronological compilation of the author's diplomatic experiences.
651 _aIndia
_xForeign relations.
942 _adpl
_cEN
_k327.2 / MEH
_2ddc
_h327.2
_mMEH
999 _c925
_d925